LEADER 01983nam 2200517 a 450 001 9910458844503321 005 20200520144314.0 010 $a0-268-07863-7 035 $a(CKB)2560000000052427 035 $a(OCoLC)694144458 035 $a(CaPaEBR)ebrary10423296 035 $a(SSID)ssj0000483024 035 $a(PQKBManifestationID)11317880 035 $a(PQKBTitleCode)TC0000483024 035 $a(PQKBWorkID)10529148 035 $a(PQKB)10344042 035 $a(MiAaPQ)EBC3440972 035 $a(MdBmJHUP)muse7988 035 $a(Au-PeEL)EBL3440972 035 $a(CaPaEBR)ebr10423296 035 $a(EXLCZ)992560000000052427 100 $a20090824d2009 uy 0 101 0 $aeng 135 $aurcn||||||||| 181 $ctxt 182 $cc 183 $acr 200 10$aBitter knowledge$b[electronic resource] $elearning Socratic lessons of disillusion and renewal /$fThomas D. Eisele 210 $aNotre Dame, Ind. $cUniversity of Notre Dame Press$dc2009 215 $a1 online resource (369 p.) 300 $aBibliographic Level Mode of Issuance: Monograph 311 $a0-268-02774-9 320 $aIncludes bibliographical references (p. 327-336) and index. 327 $aIntroduction: Participating in disillusion and renewal -- Who can teach us? And what can they teach us? Socrates recounts his conversations in the Protagoras -- The poverty of Socratic questioning : asking and answering in the Meno -- The labor of Socratic inquiry : learning in the Theaetetus to give an account of oneself -- Learning to find ourselves at a loss : how does philosophy begin? -- Epilogue: Realities of the classroom. 606 $aQuestioning 608 $aElectronic books. 615 0$aQuestioning. 676 $a183/.2 700 $aEisele$b Thomas D.$f1948-$0610366 801 0$bMiAaPQ 801 1$bMiAaPQ 801 2$bMiAaPQ 906 $aBOOK 912 $a9910458844503321 996 $aBitter knowledge$91116482 997 $aUNINA LEADER 01456nam 2200361 n 450 001 996389304403316 005 20221108044528.0 035 $a(CKB)1000000000642087 035 $a(EEBO)2248541694 035 $a(UnM)99863920 035 $a(EXLCZ)991000000000642087 100 $a19930913d1647 uy | 101 0 $aeng 135 $aurbn||||a|bb| 200 12$aA remonstrance of the Generall Assembly of the Church of Scotland to His Majestie$b[electronic resource] $eSent from the Committee of both Kingdoms to Sir Thomas Fairfax, to be by him sent to His Majestie 210 $aLondon $cPrinted for R. B.$dM DC XLVII. [1647] 215 $a[2], 6 p 300 $aSigned at end: Subscribed in the name of the Generall Assembly, by the moderator of the Assembly, M. Robert Douglas, moderator. 300 $aAnnotation on Thomason copy: "7ber [i.e. September] 30th". 300 $aReproduction of the original in the British Library. 330 $aeebo-0018 606 $aChurch and state$zScotland$vEarly works to 1800 607 $aScotland$xHistory$yCharles I,1625-1649$vEarly works to 1800 615 0$aChurch and state 701 $aDouglas$b Robert$f1594-1674.$01005428 801 0$bCu-RivES 801 1$bCu-RivES 801 2$bCStRLIN 801 2$bWaOLN 906 $aBOOK 912 $a996389304403316 996 $aA remonstrance of the Generall Assembly of the Church of Scotland to His Majestie$92384097 997 $aUNISA LEADER 01057nam a2200241 i 4500 001 991001896119707536 005 20020507153454.0 008 000303s1975 it ||| | ita 035 $ab11579948-39ule_inst 035 $aLE02727019$9ExL 040 $aDip.to Studi Giuridici$bita 084 $aAM-XV/A 110 2 $aComo :$bCentro studi amministrativi$0236182 245 13$aLa disciplina giuridica della licenza di commercio :$batti amministrativi economici e misure sui prezzi nell'ambito della C.E.E. /$cCentro studi amministrativi della Provincia di Como 260 $aMilano :$bA. Giuffrè,$c1975 300 $a582 p. ;$c26 cm. 500 $aAtti del 18. Convegno di studi di scienza dell'amministrazione 907 $a.b11579948$b02-04-14$c02-07-02 912 $a991001896119707536 945 $aLE027 AM-XV/A 1$g1$iLE027I-590$lle027$o-$pE0.00$q-$rl$s- $t0$u0$v0$w0$x0$y.i11787429$z02-07-02 996 $aDisciplina giuridica della licenza di commercio$9896062 997 $aUNISALENTO 998 $ale027$b01-01-00$cm$da $e-$fita$git $h3$i1